Socio-ekonomické príčiny vzostupu európskej krajnej pravice bakalárska práca

Salvato in:
Dettagli Bibliografici
Autore principale: Janová, Nikoleta
Ente Autore: Fakulta medzinárodných vzťahov EU. Katedra medzinárodných ekonomických vzťahov a hospodárskej diplomacie
Altri autori: Dudášová, Marianna
Natura: Libro
Lingua:slovacco
Pubblicazione: Bratislava 2017
Tags: Aggiungi Tag
Nessun Tag, puoi essere il primo ad aggiungerne!!

MARC

LEADER 00000nbm a2200000 4500
001 0235375
005 20180221145601.1
041 0 |a slo 
044 |a SK 
245 1 0 |a Socio-ekonomické príčiny vzostupu európskej krajnej pravice  |b bakalárska práca  |c Nikoleta Janová ; školiteľ: Marianna Dudášová 
264 1 |a Bratislava  |c 2017 
300 |a 62 s. 
100 1 |a Janová, Nikoleta 
700 1 |a Dudášová, Marianna 
710 2 |a Fakulta medzinárodných vzťahov EU. Katedra medzinárodných ekonomických vzťahov a hospodárskej diplomacie